| Tag |
First Indicator |
Second Indicator |
Subfields |
| LEADER |
00000cas a2200000Ii 4500 |
| 001 |
in00003525035 |
| 005 |
20170928110214.0 |
| 006 |
m o d |
| 007 |
cr ||||||||||| |
| 008 |
151218d19751995gw x moo 0 0eng d |
| 022 |
|
|
|l 0341-2377
|y 0341-2377
|
| 035 |
|
|
|a (OCoLC)ocn932793035
|
| 035 |
|
|
|a (OCoLC)932793035
|
| 037 |
|
|
|b Springer New York LLC, 233 Spring St, New York, NY 10013 United States
|
| 040 |
|
|
|a TXA
|b eng
|e rda
|e pn
|c TXA
|d UtOrBLW
|
| 049 |
|
|
|a TXAM
|
| 090 |
|
|
|a QD241
|b .R43 Electronic
|
| 245 |
0 |
0 |
|a Reactivity and structure :
|b concepts in organic chemistry.
|
| 246 |
1 |
|
|a Reactivity and structure concepts in organic chemistry
|
| 246 |
1 |
|
|a Concepts in organic chemistry
|
| 264 |
|
1 |
|a Berlin ;
|a New York :
|b Springer-Verlag,
|c -1995.
|
| 264 |
|
4 |
|c -©1995
|
| 300 |
|
|
|a 1 online resource
|
| 310 |
|
|
|a Irregular
|
| 336 |
|
|
|a text
|b txt
|2 rdacontent
|
| 337 |
|
|
|a computer
|b c
|2 rdamedia
|
| 338 |
|
|
|a online resource
|b cr
|2 rdacarrier
|
| 362 |
1 |
|
|a Print began with: Volume 1, published 1975; ceased with: Volume 32, published 1995.
|
| 510 |
2 |
|
|a Chemical abstracts
|x 0009-2258
|
| 588 |
|
|
|a Description based on: Volume 2, published 1975; title from PDF series title page (SpringerLink, viewed December 18, 2015).
|
| 588 |
|
|
|a Last issue consulted: Volume 32, published 1995 (SpringerLink, viewed December 18, 2015).
|
| 650 |
|
0 |
|a Chemistry, Organic.
|0 http://id.loc.gov/authorities/subjects/sh85023022
|
| 650 |
|
2 |
|a Chemistry, Organic.
|0 https://id.nlm.nih.gov/mesh/D002625
|
| 650 |
|
7 |
|a Chemistry, Organic.
|2 fast
|0 (OCoLC)fst00853501
|
| 776 |
0 |
8 |
|i Print version:
|t Reactivity and structure
|x 0341-2377
|w (DLC)sn 82003953
|w (OCoLC)2163900
|
| 948 |
|
|
|a cataloged
|b h
|c 2015/12/18
|d o
|e spoltoratski
|f 6:17:08 pm
|g NCO
|
| 994 |
|
|
|a C0
|b TXA
|
| 999 |
f |
f |
|s c8e606c6-0226-37d0-924a-b2cc660529e1
|i 66594a95-bcd3-3dc5-a710-1a6a40336e5c
|t 0
|
| 952 |
f |
f |
|a Texas A&M University
|b College Station
|c Electronic Resources
|d Available Online
|t 0
|e QD241 .R43
|g Electronic
|h Library of Congress classification
|
| 998 |
f |
f |
|a QD241 .R43
|t 0
|l Available Online
|